| 000 | 00723nam a22002177a 4500 | ||
|---|---|---|---|
| 003 | UA-OsUOA | ||
| 001 | 43391 | ||
| 007 | ta | ||
| 008 | 20061221b un ||||| |||| 00| 0 ukr d | ||
| 090 |
_a94(477).152 _bМ89 |
||
| 942 | _cBK | ||
| 040 |
_aUA-OsUOA _bukr _cUA-OsUOA _dUA-OsUOA |
||
| 245 |
_aМуж ідеї і праці _bВ 50-ліття громадсько-журналістичної та церковної праці о. В. Кудрика |
||
| 300 | _a126 с. | ||
| 955 | _a4 | ||
| 041 | _aukr | ||
| 080 | _a94(477).152 | ||
| 260 |
_aВінніпег _bВидання ювілейного комітету _c1958 |
||
| 650 | 7 |
_a9 Географія. Біографії. Історія _2UDC |
|
| 999 |
_c329520 _d329520 |
||